000 01001nam a2200289 i 4500
001 bg
003 BPK
005 20190719115232.0
008 000106s1999 pl a f f |000 0 pol
015 _aPB 2000/1404
020 _a8320613159
040 _aWA N
_cBPK
041 0 _apol
080 _a625.717
080 _a(075.8)
100 1 _aNita, Piotr
_d(1939- ).
245 1 0 _aBudowa i utrzymanie nawierzchni lotniskowych /
_cPiotr Nita.
260 _aWarszawa :
_bWydawnictwa Komunikacji i Łączności,
_c1999.
300 _a280 s. :
_bil. ;
_c24 cm.
504 _aBibliogr.
521 8 _aPodrecznik akademicki dla studentów wyższych uczelni technicznych o specjalności Budowa dróg i lotnisk.
650 4 _aPasy startowe
_xbudownictwo.
655 4 _aPodręczniki akademickie
710 2 _aWydawnictwa Komunikacji i Łączności.
_4pbl.
856 _uhttp://koha.tu.koszalin.pl/cgi-bin/koha/opac-detail.pl?biblionumber=38250
_yKatalog online BPK
942 _2UKD
_cKS
999 _c38250
_d38250